|
|
|
|
| LEADER |
00000nam a22000007a 4500 |
| 005 |
20170328003356.0 |
| 007 |
cr|||| |||| |
| 008 |
170328s2017 br |||||s|||| 00||0 por d |
| 020 |
|
|
|a 978-85-361-9140-9
|
| 035 |
|
|
|a 14873
|
| 040 |
|
|
|a vLex
|
| 090 |
|
|
|c 6617
|d 6617
|
| 100 |
1 |
|
|a Costa Filho, Armando Casimiro
|
| 245 |
1 |
0 |
|a CLT
|h [Recurso electrn̤ico] :
|b Consolidaȯ̂ das leis do trabalho /
|c Armando Casimiro Costa Filho, Manoel Casimiro Costa, Melcha̕des Rodrigues Martins, Sonia Regina da Silva Claro
|
| 250 |
|
|
|a 47® edicin̤
|
| 256 |
|
|
|a Servicio en ln̕ea
|
| 260 |
|
|
|a San Pablo:
|b LTR,
|c 2017
|
| 300 |
|
|
|a 1 recurso electrn̤ico (1088 p.)
|
| 506 |
1 |
|
|a Disponible solo en los productos indicados
|d vLex Global
|d vLex Global (Academic Edition, excluding Law Schools)
|d vLex Global (U.S. Academic Edition, Law Schools)
|d vLex Global (U.S. Academic Edition, excluding Law Schools)
|d vLex Global (Academic Edition, Law Schools)
|
| 650 |
0 |
4 |
|a Derecho Civil
|z Brasil
|
| 650 |
0 |
4 |
|a Derecho Laboral y Seguridad Social
|z Brasil
|
| 650 |
0 |
4 |
|a Derecho Procesal
|z Brasil
|
| 700 |
1 |
|
|a Costa, Manoel Casimiro
|
| 700 |
1 |
|
|a Rodrigues Martins, Melcha̕des
|
| 700 |
1 |
|
|a da Silva Claro, Sonia Regina
|
| 740 |
0 |
|
|a vLex Libros (Servicio en ln̕ea)
|
| 856 |
4 |
0 |
|u http://vlex.com/source/consolida-o-leis-trabalho-14873
|z Acceso restringido
|
| 942 |
|
|
|c BOOK
|
| 999 |
0 |
|
|a Civil Law
|
| 999 |
0 |
|
|a Labor Law and Social Security
|
| 999 |
0 |
|
|a Procedural Law
|